00693nam a2200229Ia 4500003000900000008004100009020001800050040001600068080002000084245008300104260004600187300001600233490005100249650002500300650002100325650001600346650001500362650001900377700002100396700002200417700002400439IN-BaIIA211028s9999 xx 000 0 eng d a0-8165-2059-3 cIIA Library a524.3-5bPRO-IV 0aProtostars and planets IVcedited by V. Mannings, A. P. Boss and S. S. Russell aTucsonbUniversity of Arizona Pressc2000 axvi, 1422p. aThe university of arizona space science series adisks (astrophysics) amolecular clouds aplanetology aprotostars astar-formation aBoss, A. P., ed. aMannings, V., ed. aRussell, S. S., ed.